Resultados municipales y legislativos

Gorde:
Xehetasun bibliografikoak
Formatua: Texto
Gaiak:
Etiketak: Etiketa erantsi
Etiketarik gabe, Izan zaitez lehena erregistro honi etiketa jartzen!

MARC

LEADER 00000 a a2200000 04500
001 5835
003
040
245 |a Resultados municipales y legislativos  
650 |a ELECCIONES  
650 |a GOBIERNO LOCAL  
650 |a PARLAMENTO  
650 |a VOTACION  
650 |a PARTIDOS POLITICOS  
773 |g volumen 14, número 606; páginas 4-5  
999 |c 31195  |d 31195